00278nam a2200121 a 450000500170000000800410001705000080005810000150006624500180008126000320009965000080013165000170013920141022142007.0091012s19uu xx 00 eng d aAVM aLeo, Jones aLet's Talk 1. bCambridge University Press. aVCD aLet's Talk 1